| 000 | 00711nam a2200253Ia 4500 | ||
|---|---|---|---|
| 008 | 180523s9999 xx 000 0 und d | ||
| 020 | _a978-0-7817-8471-9 | ||
| 050 | _aMAIN QR 41.2 | ||
| 050 | _b.E54 2007 c.2 | ||
| 100 | _aEngelkirk, Paul G. | ||
| 245 | 0 | _aBurton's microbiology for the health sciences / | |
| 245 | 0 | _cPaul G. Engelkirk, Gwendolyn R.W. Burton. | |
| 250 | _a8th Edition | ||
| 260 | _aPhiladelphia : | ||
| 260 | _bLippincott Williams & Wilkins, | ||
| 260 | _c2007 | ||
| 300 | _a398 pages : | ||
| 300 | _billustrations ; | ||
| 300 | _c25 cm. | ||
| 500 | _aIncludes index. | ||
| 650 | _aAllied health personnel. | ||
| 650 | _aMicrobiology. | ||
| 650 | _xMedical microbiology. | ||
| 999 |
_c357596 _d357596 |
||